| 000 | 01103cam a22003137a 4500 | ||
|---|---|---|---|
| 003 | CHAP | ||
| 005 | 20220329142920.0 | ||
| 008 | 050217d2002 mx r 00110 spa d | ||
| 010 | _a89591 | ||
| 011 | _a90563 | ||
| 020 | _a9685524153 | ||
| 035 | _a101119 | ||
| 040 | _cCHAP | ||
| 082 | 0 | 4 |
_a305.235 _bI58 |
| 110 | 2 |
_aInstituto Mexicano de la Juventud _959257 |
|
| 245 | 1 | 0 |
_aJóvenes mexicanos del siglo XXI : _bencuesta nacional de juventud 2000 _c/por Instituto Mexicano de la Juventud |
| 260 |
_aMéxico, D. F. : _bInstituto Mexicano de la Juventud, _c2002. |
||
| 300 |
_a483 p. : _bcuadros |
||
| 590 |
_aBATCH-UPD _b10 _c20130110 _lUCH01 _h0802 |
||
| 590 |
_aBATCH-UPD _b10 _c20130410 _lUCH01 _h0440 |
||
| 590 |
_aBATCH-UPD _b10 _c20130913 _lUCH01 _h1939 |
||
| 590 |
_aCONVERSION _b10 _c20130109 _lUCH01 _h1350 |
||
| 650 | 1 | 4 |
_aAdolescencia _xEstadísticas. _9955 |
| 650 | 1 | 4 |
_aJuventud _xEstadísticas. _962554 |
| 901 | _aBK | ||
| 942 | _cLIBRO | ||
| 949 |
_a305.235 I58 _bBC _cC _d33724000933073 _eC _fc.2 _h105035 _i101119 _sb |
||
| 949 |
_a305.235 I58 _bBC _cLIBRO _d33724000932422 _eLIBRO _h105034 _i101119 _sb |
||
| 999 |
_c89591 _d89591 |
||